| 000 -LEADER |
| fixed length control field |
00790nam a22001937a 4500 |
| 003 - CONTROL NUMBER IDENTIFIER |
| control field |
OSt |
| 005 - DATE AND TIME OF LATEST TRANSACTION |
| control field |
20231227113317.0 |
| 008 - FIXED-LENGTH DATA ELEMENTS--GENERAL INFORMATION |
| fixed length control field |
181201b xxu||||| |||| 00| 0 spa d |
| 040 ## - CATALOGING SOURCE |
| Transcribing agency |
PJ |
| 245 10 - TITLE STATEMENT |
| Title |
Protocolo unificado de los ministerios públicos de la República Argentina : |
| Remainder of title |
guía para el levantamiento y conservación de la evidencia / |
| Statement of responsibility, etc |
Ministerio de Justicia y Derechos Humanos de la Nación. |
| 260 ## - PUBLICATION, DISTRIBUTION, ETC. (IMPRINT) |
| Place of publication, distribution, etc |
Ciudad Autónoma de Buenos Aires : |
| Name of publisher, distributor, etc |
Ministerio de Justicia y Derechos Humanos de la Nación, |
| Date of publication, distribution, etc |
2017. |
| 300 ## - PHYSICAL DESCRIPTION |
| Extent |
56 p. |
| 490 ## - SERIES STATEMENT |
| Series statement |
Programa Nacional de Criminalística |
| 650 #0 - SUBJECT ADDED ENTRY--TOPICAL TERM |
| 9 (RLIN) |
343 |
| Topical term or geographic name as entry element |
DERECHO PENAL |
| 650 #0 - SUBJECT ADDED ENTRY--TOPICAL TERM |
| 9 (RLIN) |
2348 |
| Topical term or geographic name as entry element |
PROCESO PENAL |
| 650 #0 - SUBJECT ADDED ENTRY--TOPICAL TERM |
| 9 (RLIN) |
2716 |
| Topical term or geographic name as entry element |
INSTRUCCIÓN |
| 650 #0 - SUBJECT ADDED ENTRY--TOPICAL TERM |
| 9 (RLIN) |
2968 |
| Topical term or geographic name as entry element |
INVESTIGACIÓN DEL HECHO |
| 942 ## - ADDED ENTRY ELEMENTS (KOHA) |
| Source of classification or shelving scheme |
|
| Koha item type |
Libros |
| Classification part |
343.132(035) |
| Item part |
MAN |